[Collection of artwork and photographs of the Institute's coat of arms] (Record no. 116760)

MARC details
000 -LEADER
fixed length control field 00790ckc a22002055a 4500
001 - CONTROL NUMBER
control field L141698
008 - FIXED-LENGTH DATA ELEMENTS--GENERAL INFORMATION
fixed length control field 071213s1951 xxk eng u
035 ## - SYSTEM CONTROL NUMBER
System control number (Sirsi) u141698
041 0# - LANGUAGE CODE
Language code of text/sound track or separate title eng
110 2# - MAIN ENTRY--CORPORATE NAME
Corporate name or jurisdiction name as entry element Chartered Auctioneers' and Estate Agents' Institute
245 01 - TITLE STATEMENT
Title [Collection of artwork and photographs of the Institute's coat of arms]
Medium [graphic]
260 ## - PUBLICATION, DISTRIBUTION, ETC.
Date of publication, distribution, etc. ca. 1951
300 ## - PHYSICAL DESCRIPTION
Extent 14 items
Dimensions 31 x 24 cm., or smaller +
Accompanying material 1 sheet (25 x 20 cm.)
340 ## - PHYSICAL MEDIUM
Material base and configuration Photograph, watercolour, printed
351 ## - ORGANIZATION AND ARRANGEMENT OF MATERIALS
Hierarchical level Fonds
500 ## - GENERAL NOTE
General note Collection shows the coat of arms as it was prior to 1951, and after 1951 when two 'supporters' were added. Includes a sheet describing the coat of arms.
651 4# - SUBJECT ADDED ENTRY--GEOGRAPHIC NAME
Geographic name United Kingdom
Chronological subdivision
690 ## - LOCAL SUBJECT ADDED ENTRY--TOPICAL TERM (OCLC, RLIN)
Topical term or geographic name as entry element ABOUT RICS-RELATED ORGANISATIONS
942 ## - ADDED ENTRY ELEMENTS (KOHA)
Suppress in OPAC 0
Holdings
Withdrawn status Lost status Source of classification or shelving scheme Damaged status Not for loan Home library Current library Shelving location Date acquired Total Checkouts Full call number Barcode Date last seen Copy number Price effective from Koha item type
    Dewey Decimal Classification     Historic collection Historic collection Historic collection 13/12/2007   MAP CABINET DRAWER 2 141698-2001 06/08/2019 1 06/08/2019 Archive